000 01606nam0a2200361 4500
001 RU\NLR\bibl\371697
005 20250621163801.0
010 _a5-901563-15-8
_bВ пер.
_91000
021 _aRU
_b2002-59219
_92882
035 _a(NLR Aleph) 000366212
090 _a366829
_c366829
100 _a20030206d2002 |||y0rusy50 ca
101 0 _arus
102 _aRU
105 _aac |||||||||
200 1 _aЗдравоохранение Ставрополья в конце XVIII - начале ХХ вв.
_fБ.Т. Ованесов, Н.Д. Судавцов
_gМ-во образования РФ, Ставроп. гос. ун-т, М-во здравоохранения РФ, Ставроп. гос. мед. акад.
210 _aСтаврополь
_cСтавроп. краев. тип.
_d2002
215 _a211, [1] с.
_cил., портр.
_d21
320 _aБиблиогр. в подстроч. примеч.
606 0 _aЗдравоохранение
_xИстория
_yСтавропольский край
_z18 - 20 вв.
_92280209
_3RU\NLR\auth\661366191
610 0 _aЗдравоохранение - История
675 _a614(470.63)(091)<17/19>
_v3
_zrus
686 _a76.75
_2rugasnti
686 _a51.1
_2rubbk
686 _aР11(28-8Ст)
700 1 _aОванесов
_bБ. Т.
_f1932-
_gБорис Теватросович
_4070
701 1 _aСудавцов
_bН. Д.
_f1937-
_gНиколай Дмитриевич
_4070
801 0 _aRU
_bRKP
_c20030206
_gPSBO
801 1 _aRU
_bRKP
_c20030206
801 2 _aRU
_bNLR
_c20030321
_grcr
942 _cBOOK
980 _aNB